000 01027cam a2200289 i 4500
999 _c130242
_d130242
001 17805908
003 ARRUPE
005 20200131110639.0
008 130709s2014 nyu b 001 0 eng
010 _a 2013018453
020 _a9781107033993 (Hardback : alk. paper)
020 _a9781107660946 (Paperback : alk. paper)
040 _aDLC
_beng
_cDLC
_erda
_dDLC
042 _apcc
050 0 0 _aBR1644
_b.A43 2014
082 0 0 _a270.8/2
_223
100 1 _aAnderson, Allan.
_949222
245 1 3 _aAn introduction to Pentecostalism :
_bglobal charismatic Christianity /
_cAllan Heaton Anderson.
250 _aSecond Edition.
260 _aNew York
_bCambridge University Press
_c2013
300 _axii, 331 p. ;
_c24 cm
504 _aIncludes bibliographical references (pages 310-328) and index.
650 0 _aPentecostalism.
_92956
906 _a7
_bcbc
_corignew
_d1
_eecip
_f20
_gy-gencatlg
942 _2lcc
_cMONOGRAPH